[Event "Barcelona Sant Marti op 10th"]
[Site "Barcelona"]
[Date "2023.02.23"]
[Round "7"]
[White "Sanchez Romeralo, Jaime"]
[Black "Cervera Lopez, Miguel"]
[Result "1-0"]
[WhiteElo "1737"]
[BlackElo "1527"]
[PlyCount "113"]
[EventDate "2023.01.12"]
[EventType "swiss"]
[EventRounds "9"]
[EventCountry "ESP"]
[SourceTitle "CBM 213 Extra"]
[Source "ChessBase"]
[SourceDate "2023.05.31"]
[SourceVersion "1"]
[SourceVersionDate "2023.05.31"]
[SourceQuality "1"]

1. f4 d5 2. Nf3 e6 3. e3 Nf6 4. Be2 Bc5 5. d4 Bb6 6. c4 c6 7. b3 Ba5+ 8. Bd2 Ne4 9. Bxa5 Qxa5+ 10. Nbd2 Nc3 11. Qc2 Nxe2 12. Kxe2 Nd7 13. c5 Qd8 14. Ne5 Nxe5 15. dxe5 b6 16. b4 Ba6+ 17. Kf2 0-0 18. Nf3 Bc4 19. Nd4 Rc8 20. Qa4 Qc7 21. g4 a6 22. h4 a5 23. cxb6 Qxb6 24. Qxa5 Qb7 25. Qc5 Rfe8 26. g5 f6 27. gxf6 gxf6 28. Rhg1+ Kf7 29. exf6 Kxf6 30. Qd6 Qc7 31. Qxc7 Rxc7 32. Rg5 c5 33. bxc5 Rxc5 34. Nf3 Rb8 35. Ne5 Rb2+ 36. Kg3 Rc7 37. Ng4+ Kf7 38. Rh5 Kg6 39. Rh6+ Kg7 40. Rxe6 d4 41. Rd6 h5 42. Nf6 Bf7 43. Rg1 dxe3 44. Kf3+ Kf8 45. Kxe3 Bxa2 46. Nxh5 Re7+ 47. Kf3 Rb3+ 48. Kg4 Rb2 49. f5 Bc4 50. Nf4 Re4 51. Kg5 Rf2 52. Ng6+ Ke8 53. Rg4 Rxg4+ 54. Kxg4 Be2+ 55. Kg5 Rg2+ 56. Kf6 Bc4 57. Ne5 1-0